[Event "New Zealand Open Ch'p 2015"]
[Site "Devonport, Auckland"]
[Date "2015.01.09"]
[Round "9.18"]
[White "Zhang, Leo"]
[Black "Steadman, Michael VR"]
[Result "0-1"]
[WhiteElo "1908"]
[BlackElo "2257"]
[PlyCount "68"]
[EventDate "2015.01.01"]
[EventType "swiss"]
[EventRounds "9"]
[SourceDate "2015.01.01"]

1. d4 Nf6 2. c4 c5 3. d5 e6 4. Nc3 exd5 5. cxd5 d6 6. Nf3 g6 7. Bf4 a6 8. a4
Bg7 9. h3 O-O 10. e3 Qe7 11. Bd3 Nbd7 12. O-O Ne5 13. Be2 Rb8 14. Nd2 Bd7 15.
a5 Bb5 16. Bh2 Qe8 17. e4 g5 18. g3 b6 19. f4 gxf4 20. gxf4 Ng6 21. Re1 bxa5
22. Rxa5 Bxe2 23. Rxe2 Rxb2 24. Nc4 Rxe2 25. Qxe2 Qd7 26. f5 Nxe4 27. Nxe4 Qxf5
28. Ncxd6 Qxh3 29. Nf2 Bd4 30. Nde4 Nh4 31. Nf6+ Kh8 32. Qg4 Nf3+ 33. Qxf3 Qxf3
34. N6e4 Qxe4 0-1

[Event "New Zealand Open Ch'p 2015"]
[Site "Devonport, Auckland"]
[Date "2015.01.09"]
[Round "9.19"]
[White "Cooper, Nigel M"]
[Black "Le Roy, Brice"]
[Result "0-1"]
[WhiteElo "1714"]
[BlackElo "2290"]
[PlyCount "34"]
[EventDate "2015.01.01"]
[EventType "swiss"]
[EventRounds "9"]
[SourceDate "2015.01.01"]

1. f4 g6 2. Nf3 d5 3. e3 Bg7 4. c3 Nf6 5. d4 O-O 6. Be2 c5 7. Ne5 Ne4 8. Nd2
Nxd2 9. Bxd2 Nd7 10. Nxd7 Bxd7 11. dxc5 a5 12. Rb1 Qc7 13. b4 axb4 14. cxb4
Rxa2 15. Qb3 Rfa8 16. Bc3 R8a3 17. Bxg7 Rxb3 0-1

[Event "New Zealand Open Ch'p 2015"]
[Site "Devonport, Auckland"]
[Date "2015.01.09"]
[Round "9.20"]
[White "Vincenti, David"]
[Black "Forster, William F"]
[Result "1-0"]
[WhiteElo "2106"]
[BlackElo "1999"]
[PlyCount "45"]
[EventDate "2015.01.01"]
[EventType "swiss"]
[EventRounds "9"]
[SourceDate "2015.01.01"]

1. d4 d6 2. c4 e5 3. d5 g6 4. e4 Bg7 5. Nc3 Ne7 6. Nge2 O-O 7. Ng3 Nd7 8. Be2
f5 9. exf5 gxf5 10. O-O Ng6 11. Nh5 Qe7 12. Nxg7 Qxg7 13. f4 e4 14. Be3 a6 15.
Kh1 Nf6 16. Qd2 Nh4 17. g3 Ng6 18. Rg1 Kf7 19. Bd4 Qh6 20. Raf1 Bd7 21. g4 Qh4
22. Bf2 Qh3 23. Rg3 1-0

[Event "New Zealand Open Ch'p 2015"]
[Site "Devonport, Auckland"]
[Date "2015.01.09"]
[Round "9.22"]
[White "Burke, Matthew WP"]
[Black "Lim, Benjamin U"]
[Result "1/2-1/2"]
[WhiteElo "1833"]
[BlackElo "1996"]
[PlyCount "86"]
[EventDate "2015.01.01"]
[EventType "swiss"]
[EventRounds "9"]
[SourceDate "2015.01.01"]

1. d4 Nf6 2. c4 e6 3. Nc3 d5 4. cxd5 Nxd5 5. e4 Nxc3 6. bxc3 Be7 7. Nf3 O-O 8.
Bd3 b6 9. Qe2 c5 10. O-O Bb7 11. Bb2 Nd7 12. Rac1 Re8 13. Rfd1 Qc7 14. Bb1 c4
15. Re1 b5 16. Rc2 a5 17. Bc1 f6 18. e5 f5 19. Bf4 Bd5 20. Rcc1 Nf8 21. h3 Ng6
22. Bh2 Rf8 23. Nd2 Qc6 24. f3 Bg5 25. Rf1 Nf4 26. Bxf4 Bxf4 27. Kf2 Rf7 28. g3
Bh6 29. f4 Bg2 30. h4 Bxf1 31. Nxf1 g6 32. Ne3 Rd7 33. a4 Rc8 34. Ba2 Bf8 35.
axb5 Qxb5 36. Nxc4 Qa6 37. Nd6 Qxe2+ 38. Kxe2 Rxd6 39. exd6 Kf7 40. Kd3 Bxd6
41. Re1 Re8 42. Rb1 Rb8 43. Rxb8 Bxb8 1/2-1/2

[Event "New Zealand Open Ch'p 2015"]
[Site "Devonport, Auckland"]
[Date "2015.01.09"]
[Round "9.23"]
[White "Opasiak, Dustin Tennessee"]
[Black "Gunawan, Boy Reinhard"]
[Result "1-0"]
[WhiteElo "1729"]
[BlackElo "1980"]
[PlyCount "55"]
[EventDate "2015.01.01"]
[EventType "swiss"]
[EventRounds "9"]
[SourceDate "2015.01.01"]

1. e4 d5 2. exd5 Qxd5 3. Nc3 Qd8 4. d4 Nf6 5. Nf3 e6 6. Bd3 c5 7. dxc5 Bxc5 8.
O-O O-O 9. Ne4 Nbd7 10. Qe2 Qc7 11. Nxf6+ Nxf6 12. Ne5 b6 13. Bf4 Bd6 14. Bg3
Nd7 15. Be4 Rb8 16. Nc6 Bxg3 17. hxg3 Rb7 18. Bxh7+ Kh8 19. Bd3 Nf6 20. Ne5 g6
21. Bxg6 Kg7 22. Bd3 Rh8 23. Ng4 Nh5 24. Qe3 Kf8 25. Rad1 f5 26. Qe5 Qxe5 27.
Nxe5 Rh6 28. Ba6 1-0

[Event "New Zealand Open Ch'p 2015"]
[Site "Devonport, Auckland"]
[Date "2015.01.09"]
[Round "9.24"]
[White "Li, William Xiang Wei"]
[Black "Timergazi, Layla"]
[Result "1-0"]
[WhiteElo "1935"]
[BlackElo "1932"]
[PlyCount "63"]
[EventDate "2015.01.01"]
[EventType "swiss"]
[EventRounds "9"]
[SourceDate "2015.01.01"]

1. d4 d5 2. c4 c6 3. Nc3 Nf6 4. Nf3 e6 5. e3 Nbd7 6. Bd3 dxc4 7. Bxc4 b5 8. Bd3
a6 9. e4 c5 10. d5 exd5 11. e5 Ng4 12. Nxd5 Bb7 13. Be4 Ngxe5 14. Bg5 f6 15.
Nxe5 Nxe5 16. Nxf6+ gxf6 17. Bxb7 Qxd1+ 18. Rxd1 Rb8 19. Bxf6 Rg8 20. Bd5 Ng4
21. Bxg8 Nxf6 22. Be6 Rb6 23. Bf5 c4 24. O-O b4 25. Rfe1+ Kf7 26. Rc1 Rc6 27.
Rxc4 Rc5 28. Rxc5 Bxc5 29. Kf1 h6 30. Re6 a5 31. Ra6 Bd4 32. b3 1-0

[Event "New Zealand Open Ch'p 2015"]
[Site "Devonport, Auckland"]
[Date "2015.01.09"]
[Round "9.25"]
[White "Wang, Aaron Ziwen"]
[Black "Lee, Edward"]
[Result "0-1"]
[WhiteElo "1409"]
[BlackElo "2061"]
[PlyCount "66"]
[EventDate "2015.01.01"]
[EventType "swiss"]
[EventRounds "9"]
[SourceDate "2015.01.01"]

1. c4 e5 2. Nc3 Nf6 3. Nf3 Nc6 4. g3 d5 5. cxd5 Nxd5 6. Bg2 Nb6 7. O-O Be7 8.
b3 O-O 9. Bb2 Bg4 10. h3 Bh5 11. Rc1 f5 12. d3 Qd7 13. a3 Rad8 14. b4 a6 15.
Qb3+ Kh8 16. Nd1 Bf7 17. Qc2 Bf6 18. Ne3 Be6 19. Nc4 Nxc4 20. dxc4 e4 21. Rfd1
Qf7 22. Bxf6 Rxd1+ 23. Rxd1 exf3 24. Bxg7+ Qxg7 25. Bxf3 Ne5 26. Bxb7 f4 27.
Kg2 fxg3 28. fxg3 c6 29. Bxa6 Qf6 30. e3 Qf3+ 31. Kh2 Qxe3 32. Rd2 Nf3+ 33. Kg2
Qg1# 0-1

[Event "New Zealand Open Ch'p 2015"]
[Site "Devonport, Auckland"]
[Date "2015.01.09"]
[Round "9.26"]
[White "Huang, Alex"]
[Black "Fuatai, Fuatai"]
[Result "1/2-1/2"]
[WhiteElo "2035"]
[BlackElo "2004"]
[PlyCount "41"]
[EventDate "2015.01.01"]
[EventType "swiss"]
[EventRounds "9"]
[SourceDate "2015.01.01"]

1. e4 c5 2. Nf3 d6 3. d4 cxd4 4. Nxd4 Nf6 5. Nc3 a6 6. Be2 e5 7. Nb3 Be6 8. O-O
Be7 9. f4 Qc7 10. Be3 b5 11. a4 b4 12. Nd5 Bxd5 13. exd5 Nbd7 14. Qd3 O-O 15.
a5 Rfc8 16. Rfc1 Nc5 17. Nxc5 dxc5 18. Bf3 e4 19. Bxe4 c4 20. Qd4 Bd6 21. Bf3
1/2-1/2

[Event "New Zealand Open Ch'p 2015"]
[Site "Devonport, Auckland"]
[Date "2015.01.09"]
[Round "9.27"]
[White "Bennett, Hilton P"]
[Black "Zhu, Leo Lei"]
[Result "0-1"]
[WhiteElo "2009"]
[BlackElo "1978"]
[PlyCount "74"]
[EventDate "2015.01.01"]
[EventType "swiss"]
[EventRounds "9"]
[SourceDate "2015.01.01"]

1. e4 c5 2. Nc3 Nc6 3. f4 g6 4. Nf3 Bg7 5. Bc4 d6 6. O-O e6 7. d3 Nge7 8. Qe1
O-O 9. f5 d5 10. Bb3 dxe4 11. dxe4 exf5 12. Qh4 Qb6 13. Be3 Nd4 14. Na4 Qc7 15.
c3 Nxb3 16. axb3 fxe4 17. Bf4 Qc6 18. Ne5 Qe8 19. Qf2 Nd5 20. Nc4 Nxf4 21. Qxf4
b5 22. Nab6 axb6 23. Rxa8 bxc4 24. Qc7 Qe6 25. Rd1 Be5 26. Qa7 e3 27. Re1 f5
28. Rxe3 Bd4 29. cxd4 Qxe3+ 30. Kf1 Qc1+ 31. Kf2 Qxb2+ 32. Kg3 Qxb3+ 33. Kh4
g5+ 34. Kh5 c3 35. Rxc8 Rxc8 36. Kh6 Qe6+ 37. Kxg5 c2 0-1

[Event "New Zealand Open Ch'p 2015"]
[Site "Devonport, Auckland"]
[Date "2015.01.09"]
[Round "9.28"]
[White "Maris, Fred A"]
[Black "Rains, Edward"]
[Result "0-1"]
[WhiteElo "1519"]
[BlackElo "1973"]
[PlyCount "70"]
[EventDate "2015.01.01"]
[EventType "swiss"]
[EventRounds "9"]
[SourceDate "2015.01.01"]

1. e4 c5 2. c3 g6 3. Nf3 Bg7 4. d4 cxd4 5. cxd4 d5 6. e5 Bg4 7. h3 Bxf3 8. Qxf3
Nc6 9. Bb5 e6 10. Nc3 Qb6 11. Qd3 Nge7 12. Bg5 O-O 13. Bxe7 Nxe7 14. O-O Nf5
15. Ne2 f6 16. exf6 Bxf6 17. Rfd1 Rac8 18. a4 a6 19. a5 Qxb5 20. Qxb5 axb5 21.
a6 bxa6 22. Rxa6 Rfe8 23. g4 Nh4 24. Nf4 Bxd4 25. Nxe6 Be5 26. f4 Bxb2 27. Kf2
Rc3 28. Rxd5 Rf3+ 29. Ke2 b4 30. Rd7 Rxf4 31. Kd1 Re4 32. Ng5 R4e7 33. Rdd6 Bc3
34. Ne6 Ng2 35. Rac6 Ne3+ 0-1

[Event "New Zealand Open Ch'p 2015"]
[Site "Devonport, Auckland"]
[Date "2015.01.09"]
[Round "9.29"]
[White "Hielscher, Ursula"]
[Black "D'arcy, Michael"]
[Result "0-1"]
[WhiteElo "1845"]
[BlackElo "1916"]
[PlyCount "64"]
[EventDate "2015.01.01"]
[EventType "swiss"]
[EventRounds "9"]
[SourceDate "2015.01.01"]

1. d4 d5 2. c4 e5 3. dxe5 d4 4. a3 Nc6 5. Nf3 f6 6. exf6 Qxf6 7. Bg5 Qg6 8. e3
Bg4 9. Bd3 Qh5 10. Bf4 O-O-O 11. e4 g5 12. Bg3 Bg7 13. Nbd2 Nge7 14. Qc2 Ng6
15. h3 Rhf8 16. Nh2 Be6 17. Be2 Qh6 18. Ng4 Bxg4 19. Bxg4+ Kb8 20. O-O-O Nge5
21. Bf5 d3 22. Qa4 Qf6 23. Qb5 a6 24. Bxe5 Nxe5 25. Qb3 Nc6 26. g4 Nd4 27. Qa2
Qb6 28. Rde1 Ne2+ 29. Kd1 Bxb2 30. Rxe2 dxe2+ 31. Kxe2 Rxd2+ 32. Kxd2 Qxf2+ 0-1

[Event "New Zealand Open Ch'p 2015"]
[Site "Devonport, Auckland"]
[Date "2015.01.09"]
[Round "9.30"]
[White "Gong, Daniel Hanwen"]
[Black "Maris, Robert"]
[Result "1-0"]
[WhiteElo "1870"]
[BlackElo "1895"]
[PlyCount "83"]
[EventDate "2015.01.01"]
[EventType "swiss"]
[EventRounds "9"]
[SourceDate "2015.01.01"]

1. e4 d5 2. exd5 Qxd5 3. Nc3 Qd6 4. d4 Nf6 5. Nf3 a6 6. g3 Bg4 7. Bg2 e6 8. Bf4
Qd8 9. h3 Bxf3 10. Bxf3 c6 11. O-O Bd6 12. Bg5 Nbd7 13. Ne4 Be7 14. Bf4 Nxe4
15. Bxe4 Nf6 16. Bg2 Bd6 17. Bd2 Qb6 18. c3 Rd8 19. Re1 Rd7 20. b4 O-O 21. g4
Qc7 22. Qe2 Nd5 23. Bxd5 cxd5 24. a4 Rc8 25. a5 Bf4 26. Rac1 Bxd2 27. Qxd2 Qd8
28. Kg2 Rdc7 29. f4 Qd7 30. Re3 Rc4 31. Rf1 Re8 32. Rfe1 Rcc8 33. Qe2 Kf8 34.
h4 Rcd8 35. g5 Rc8 36. h5 Qd8 37. Qg4 Rc6 38. g6 hxg6 39. hxg6 f5 40. Qh5 Qf6
41. Re5 Rxc3 42. Qh8+ 1-0

[Event "New Zealand Open Ch'p 2015"]
[Site "Devonport, Auckland"]
[Date "2015.01.09"]
[Round "9.31"]
[White "Eade, Don G"]
[Black "Zhu, Karl Kai"]
[Result "0-1"]
[WhiteElo "1858"]
[BlackElo "1689"]
[PlyCount "30"]
[EventDate "2015.01.01"]
[EventType "swiss"]
[EventRounds "9"]
[SourceDate "2015.01.01"]

1. e4 c5 2. c3 Nf6 3. e5 Nd5 4. d4 cxd4 5. Nf3 Nc6 6. cxd4 d6 7. Bd3 dxe5 8.
dxe5 Bg4 9. Bb5 Qa5+ 10. Nc3 Nxc3 11. Bxc6+ bxc6 12. bxc3 Bxf3 13. Qxf3 Qxe5+
14. Kf1 Qd5 15. Qg3 Qd1# 0-1

[Event "New Zealand Open Ch'p 2015"]
[Site "Devonport, Auckland"]
[Date "2015.01.09"]
[Round "9.32"]
[White "Smith, Vivian J"]
[Black "Tsagarakis, Angelo"]
[Result "0-1"]
[WhiteElo "1762"]
[BlackElo "1855"]
[PlyCount "62"]
[EventDate "2015.01.01"]
[EventType "swiss"]
[EventRounds "9"]
[SourceDate "2015.01.01"]

1. e4 e6 2. d4 c5 3. c3 Nf6 4. Bd3 Nc6 5. Ne2 Qb6 6. Na3 cxd4 7. Nc4 Qc5 8. b4
Qh5 9. b5 d5 10. exd5 exd5 11. bxc6 dxc4 12. Bxc4 b5 13. Bd3 dxc3 14. O-O Bd6
15. Nf4 Bxf4 16. Bxf4 O-O 17. Bg3 Qc5 18. Bd6 Qxc6 19. Bxf8 Bb7 20. Qf3 Qxf3
21. gxf3 Rxf8 22. Bxb5 Bxf3 23. Rac1 Rc8 24. Rfe1 Rc5 25. Be2 Rg5+ 26. Kf1 Bg2+
27. Kg1 Bh3+ 28. Kh1 Ne4 29. Bg4 Rxg4 30. Rxe4 Rxe4 31. f3 Re3 0-1

[Event "New Zealand Open Ch'p 2015"]
[Site "Devonport, Auckland"]
[Date "2015.01.09"]
[Round "9.33"]
[White "Rossiter, Philip E"]
[Black "Shaw, Robin A"]
[Result "1/2-1/2"]
[WhiteElo "1775"]
[BlackElo "1813"]
[PlyCount "60"]
[EventDate "2015.01.01"]
[EventType "swiss"]
[EventRounds "9"]
[SourceDate "2015.01.01"]

1. c4 e5 2. Nc3 f5 3. g3 Nf6 4. Bg2 c6 5. d3 Be7 6. Nf3 d6 7. O-O Na6 8. a3 Nc7
9. b4 O-O 10. Bb2 Rb8 11. Rc1 Ne6 12. Na4 b5 13. Nc3 bxc4 14. dxc4 Ba6 15. Na4
e4 16. Nd4 Nxd4 17. Qxd4 Qc7 18. Rfd1 Ne8 19. Qd2 Bf6 20. Bxf6 Rxf6 21. b5 Bb7
22. c5 cxb5 23. cxd6 Qxd6 24. Qe3 Qe7 25. Nc5 Nd6 26. Qf4 Rd8 27. Nxb7 Qxb7 28.
f3 Qb6+ 29. Kh1 h6 30. fxe4 fxe4 1/2-1/2

[Event "New Zealand Open Ch'p 2015"]
[Site "Devonport, Auckland"]
[Date "2015.01.09"]
[Round "9.34"]
[White "Power, P Wayne"]
[Black "Turner, Justin"]
[Result "1/2-1/2"]
[WhiteElo "1926"]
[BlackElo "1434"]
[PlyCount "81"]
[EventDate "2015.01.01"]
[EventType "swiss"]
[EventRounds "9"]
[SourceDate "2015.01.01"]

1. d4 d5 2. Nf3 Nf6 3. c4 e6 4. Nc3 c5 5. cxd5 exd5 6. g3 Nc6 7. Bg2 cxd4 8.
Nxd4 Bc5 9. Nb3 Bb4 10. Bd2 O-O 11. O-O h6 12. a3 Bxc3 13. Bxc3 Ne4 14. Bd4
Nxd4 15. Nxd4 Qb6 16. Rb1 Be6 17. e3 Bd7 18. Bxe4 dxe4 19. Qd2 Bh3 20. Rfc1 Qf6
21. Rc3 Rad8 22. Rbc1 Rd7 23. Qe2 g6 24. f4 exf3 25. Qxf3 Qxf3 26. Nxf3 Re8 27.
Kf2 Rde7 28. Nd4 a6 29. Ne2 Rd8 30. Nd4 h5 31. Rc7 Rdd7 32. Rxd7 Rxd7 33. Rc2
Kg7 34. b4 f6 35. Rc5 Kf7 36. Rc3 Re7 37. Rc5 Re5 38. Rc7+ Re7 39. Rc3 Re5 40.
Rc7+ Re7 41. Rc5 1/2-1/2

[Event "New Zealand Open Ch'p 2015"]
[Site "Devonport, Auckland"]
[Date "2015.01.09"]
[Round "9.35"]
[White "Holdaway, Steven"]
[Black "Schmitz, Manuela"]
[Result "0-1"]
[WhiteElo "1387"]
[BlackElo "1966"]
[PlyCount "114"]
[EventDate "2015.01.01"]
[EventType "swiss"]
[EventRounds "9"]
[SourceDate "2015.01.01"]

1. e4 e6 2. d4 d5 3. Nc3 Bb4 4. e5 c5 5. a3 Bxc3+ 6. bxc3 Qc7 7. Qg4 f5 8. Qh5+
g6 9. Qd1 Bd7 10. Bd3 Ba4 11. Nf3 cxd4 12. cxd4 Qc3+ 13. Bd2 Qxd3 14. cxd3 Bxd1
15. Rxd1 Nc6 16. O-O Nge7 17. Bg5 h6 18. Bf6 Rh7 19. Bxe7 Kxe7 20. Rb1 b6 21.
Rfc1 Kd7 22. h4 Rg7 23. Rc3 Rc8 24. Kh2 g5 25. hxg5 hxg5 26. Rbc1 Rgg8 27. Kg3
g4 28. Ng1 Nxd4 29. Kf4 Nb5 30. Rxc8 Rxc8 31. Rxc8 Kxc8 32. a4 Nc3 33. Ke3 Nxa4
34. Ne2 Kd7 35. Nd4 a6 36. Kd2 Nc5 37. Kc3 Nb7 38. Kb4 Nd8 39. Ne2 Nc6+ 40. Kc3
Nxe5 41. Nd4 Nc6 42. Nb3 Kd6 43. d4 e5 44. dxe5+ Kxe5 45. Kd3 a5 46. g3 a4 47.
Nd2 b5 48. Kc3 b4+ 49. Kb2 Na5 50. f4+ Kd4 51. Kb1 Nc4 52. Nf1 b3 53. Ka1 a3
54. Nd2 b2+ 55. Ka2 Ke3 56. Nb3 Nd2 57. Nc1 b1=Q+ 0-1

[Event "New Zealand Open Ch'p 2015"]
[Site "Devonport, Auckland"]
[Date "2015.01.09"]
[Round "9.36"]
[White "Shen, Terry"]
[Black "Aldridge, Alan L"]
[Result "0-1"]
[WhiteElo "1722"]
[BlackElo "1890"]
[PlyCount "72"]
[EventDate "2015.01.01"]
[EventType "swiss"]
[EventRounds "9"]
[SourceDate "2015.01.01"]

1. d4 Nf6 2. c4 c5 3. d5 b5 4. cxb5 a6 5. bxa6 Bxa6 6. Nc3 g6 7. Nf3 Bg7 8. e4
Bxf1 9. Rxf1 d6 10. Qc2 O-O 11. Nd2 Na6 12. a3 Qd7 13. f3 e6 14. dxe6 Qxe6 15.
Qd3 Nb4 16. Qb1 Nc6 17. Qa2 Qc8 18. Nc4 Nd4 19. Kf2 Qa6 20. Ne3 Rfb8 21. Qc4
Qa7 22. Ne2 Nd7 23. Qd5 Ne5 24. Nxd4 Nd3+ 25. Kg1 Bxd4 26. Qxd6 Nxc1 27. Re1
Nd3 28. Re2 Nxb2 29. Ra2 Nc4 30. Qf4 Nxe3 31. Rxe3 c4 32. Kf2 c3 33. Ke2 Bxe3
34. Qxe3 Qxe3+ 35. Kxe3 Rb2 36. Ra1 Rd8 0-1

[Event "New Zealand Open Ch'p 2015"]
[Site "Devonport, Auckland"]
[Date "2015.01.09"]
[Round "9.37"]
[White "James, Jack"]
[Black "Watharow, Sean"]
[Result "0-1"]
[WhiteElo "1867"]
[BlackElo "1876"]
[PlyCount "86"]
[EventDate "2015.01.01"]
[EventType "swiss"]
[EventRounds "9"]
[SourceDate "2015.01.01"]

1. e4 c5 2. Nc3 Nc6 3. f4 g6 4. Nf3 Bg7 5. Bb5 Nd4 6. O-O a6 7. Bd3 e6 8. e5
Nxf3+ 9. Qxf3 d5 10. exd6 Nf6 11. Ne4 Nxe4 12. Bxe4 Rb8 13. c3 O-O 14. Qf2 Qxd6
15. Rd1 f5 16. Bc2 e5 17. d3 Rd8 18. Re1 Be6 19. Rxe5 Bxe5 20. fxe5 Qc6 21. Bg5
Rd7 22. Re1 b5 23. a3 a5 24. Qh4 b4 25. Be7 bxc3 26. Ba4 Qd5 27. Bxd7 Bxd7 28.
e6 Rxb2 29. Qh3 Bc6 30. Bf6 Rxg2+ 31. Kf1 Rd2 32. Re2 Rxe2 33. Kxe2 Qxe6+ 34.
Qe3 Qxf6 35. Qxc5 a4 36. d4 Qe6+ 37. Kf1 Qd5 38. Qxc3 Qh1+ 39. Ke2 Qxh2+ 40.
Kd1 Qg1+ 41. Kc2 Be4+ 42. Kd2 Qf2+ 43. Kc1 Qc2+ 0-1

[Event "New Zealand Open Ch'p 2015"]
[Site "Devonport, Auckland"]
[Date "2015.01.09"]
[Round "9.38"]
[White "Nicholls, Leighton"]
[Black "Taylor, Richard"]
[Result "0-1"]
[WhiteElo "1757"]
[BlackElo "1871"]
[PlyCount "74"]
[EventDate "2015.01.01"]
[EventType "swiss"]
[EventRounds "9"]
[SourceDate "2015.01.01"]

1. e4 c5 2. Nf3 Nc6 3. d4 cxd4 4. Nxd4 Nf6 5. Nc3 d6 6. f3 e6 7. Be3 a6 8. Be2
Bd7 9. Qd2 b5 10. O-O-O b4 11. Nb1 d5 12. exd5 Nxd5 13. Nxc6 Bxc6 14. Bc4 Be7
15. Qf2 O-O 16. Nd2 Nxe3 17. Qxe3 Qc7 18. Ne4 Rfc8 19. b3 Bd5 20. Rd4 Bxe4 21.
Rxe4 Bf6 22. Kb1 a5 23. g3 a4 24. Rd1 Bc3 25. Qe2 Rd8 26. Re3 axb3 27. Bxb3 g6
28. Red3 Rxd3 29. Qxd3 Bf6 30. f4 Kg7 31. Qc4 Rd8 32. Rxd8 Qxd8 33. Kc1 Qb6 34.
Kd2 Qf2+ 35. Kd3 Qf3+ 36. Kd2 Bc3+ 37. Kc1 Qh1+ 0-1

[Event "New Zealand Open Ch'p 2015"]
[Site "Devonport, Auckland"]
[Date "2015.01.09"]
[Round "9.39"]
[White "Seabrook, Roy"]
[Black "Laughland, Alexander"]
[Result "1-0"]
[WhiteElo "1839"]
[BlackElo "1873"]
[PlyCount "65"]
[EventDate "2015.01.01"]
[EventType "swiss"]
[EventRounds "9"]
[SourceDate "2015.01.01"]

1. d4 Nf6 2. c4 g6 3. Nc3 Bg7 4. e4 d6 5. Be2 O-O 6. Nf3 Nbd7 7. O-O c5 8. d5
a6 9. Rb1 h6 10. h3 Nh7 11. Be3 Nb6 12. Qd2 g5 13. b4 cxb4 14. Rxb4 Nd7 15.
Rfb1 Qa5 16. Bd4 Bxd4 17. Nxd4 Ne5 18. f4 Qc5 19. Na4 Qa7 20. Nb6 Rb8 21. fxe5
dxe5 22. Nf3 Nf6 23. Bd3 Nd7 24. Qf2 a5 25. Rb5 Qa6 26. Nxd7 Bxd7 27. Rb6 Qa7
28. Nxe5 Ba4 29. Ng4 h5 30. Nh6+ Kh8 31. e5 f5 32. Nxf5 Rf7 33. Rh6+ 1-0

[Event "New Zealand Open Ch'p 2015"]
[Site "Devonport, Auckland"]
[Date "2015.01.09"]
[Round "9.40"]
[White "Mukkattu, Philip"]
[Black "Pakenham, John"]
[Result "0-1"]
[WhiteElo "1743"]
[BlackElo "1704"]
[PlyCount "52"]
[EventDate "2015.01.01"]
[EventType "swiss"]
[EventRounds "9"]
[SourceDate "2015.01.01"]

1. d4 d5 2. c4 Nf6 3. Nc3 g6 4. Nf3 Bg7 5. Bf4 O-O 6. h3 c6 7. e3 Nbd7 8. Bd3
dxc4 9. Bxc4 Nb6 10. Bd3 Nbd5 11. Bh2 Qa5 12. Qc1 Bf5 13. Bxf5 gxf5 14. O-O
Nxc3 15. bxc3 Ne4 16. c4 c5 17. Qc2 Rac8 18. Rab1 cxd4 19. Rb5 Qxb5 20. Nxd4
Bxd4 21. exd4 Qxc4 22. Qb2 b6 23. Qa3 Qxd4 24. Qxe7 Rfe8 25. Qh4 Rc2 26. Kh1
Nxf2+ 0-1

[Event "New Zealand Open Ch'p 2015"]
[Site "Devonport, Auckland"]
[Date "2015.01.09"]
[Round "9.41"]
[White "Zhang, Jasmine"]
[Black "Brockway, Andrew"]
[Result "0-1"]
[WhiteElo "1594"]
[BlackElo "1727"]
[PlyCount "150"]
[EventDate "2015.01.01"]
[EventType "swiss"]
[EventRounds "9"]
[SourceDate "2015.01.01"]

1. d4 Nf6 2. c4 e6 3. Nc3 Bb4 4. Qc2 Nc6 5. Nf3 d6 6. Bf4 O-O 7. e3 Qe7 8. Bg3
Bxc3+ 9. bxc3 e5 10. Be2 e4 11. Nd2 Re8 12. O-O Bg4 13. Bxg4 Nxg4 14. Rae1 Nf6
15. Bh4 h6 16. Bxf6 gxf6 17. f3 f5 18. fxe4 fxe4 19. Rf4 f5 20. Rxf5 Rf8 21.
Rxf8+ Qxf8 22. Qxe4 Qe8 23. Qxe8+ Rxe8 24. Kf2 Kg7 25. Ke2 Nb8 26. Rf1 Nd7 27.
Rf3 Nf6 28. h3 Re7 29. Kd3 b6 30. Nf1 Ne4 31. Ng3 Nxg3 32. Rxg3+ Kf7 33. Rf3+
Kg7 34. e4 Re6 35. Rf2 Rg6 36. d5 Rg5 37. g4 Re5 38. Rf5 Re7 39. Ke3 Re8 40.
Kd4 Re7 41. h4 Re8 42. Ke3 Re7 43. g5 hxg5 44. hxg5 Re8 45. Rf6 Rg8 46. Re6 Kf7
47. g6+ Rxg6 48. Rxg6 Kxg6 49. Kf3 Kf7 50. Ke3 Kg6 51. Kf4 Kf6 52. Kg4 Kg6 53.
Kf3 Kf7 54. Ke3 Kg6 55. Kd3 Kg5 56. Ke3 Kg6 57. Kd2 Kf7 58. Kc2 Kg6 59. Kb3 Kf6
60. Ka4 a6 61. Kb4 Ke5 62. a4 Kxe4 63. a5 Kd3 64. axb6 cxb6 65. Kb3 a5 66. Ka4
Kxc3 67. Kb5 a4 68. Kxb6 Kxc4 69. Kc6 a3 70. Kxd6 a2 71. Kc6 a1=Q 72. d6 Qa6+
73. Kc7 Qa7+ 74. Kc6 Qb8 75. d7 Qd8 0-1

[Event "New Zealand Open Ch'p 2015"]
[Site "Devonport, Auckland"]
[Date "2015.01.09"]
[Round "9.42"]
[White "Yan, Caroline"]
[Black "Holdo, Karl"]
[Result "0-1"]
[WhiteElo "1557"]
[BlackElo "1606"]
[PlyCount "108"]
[EventDate "2015.01.01"]
[EventType "swiss"]
[EventRounds "9"]
[SourceDate "2015.01.01"]

1. d4 Nf6 2. c4 e6 3. Nc3 Bb4 4. Bd2 c5 5. dxc5 Bxc5 6. Nf3 O-O 7. e3 Nc6 8.
Be2 d5 9. cxd5 exd5 10. O-O a6 11. Rc1 Ba7 12. Na4 Ne4 13. Qb3 Rb8 14. Rfd1 Be6
15. Qc2 Rc8 16. Nc3 Qe7 17. Nxe4 Nd4 18. Qb1 Nxe2+ 19. Kf1 Nxc1 20. Neg5 g6 21.
Nxe6 Qxe6 22. Bxc1 Bb8 23. b3 f6 24. Nd4 Qe5 25. Nf3 Qh5 26. h3 Rfd8 27. Ba3
Be5 28. Rc1 Rxc1+ 29. Qxc1 Qf5 30. Nxe5 Qxe5 31. Bb2 Qe6 32. Qc3 Rf8 33. g4 h6
34. Ke2 Qf7 35. Ba3 Re8 36. Bb2 Re6 37. h4 Rc6 38. Qd3 f5 39. Qd4 Rc2+ 40. Kd1
Rxb2 41. Qxb2 fxg4 42. Qe2 Qf3 43. Qxf3 gxf3 44. Kd2 g5 45. hxg5 hxg5 46. Kd3
g4 47. a4 a5 48. Kd2 Kf7 49. Ke1 Kf6 50. Kf1 Kg5 51. Kg1 Kh4 52. Kh2 b6 53. Kg1
Kh3 54. Kf1 Kh2 0-1

[Event "New Zealand Open Ch'p 2015"]
[Site "Devonport, Auckland"]
[Date "2015.01.09"]
[Round "9.43"]
[White "Hair, Philip I"]
[Black "Steadman, Mathew"]
[Result "1-0"]
[WhiteElo "1941"]
[BlackElo "1103"]
[PlyCount "87"]
[EventDate "2015.01.01"]
[EventType "swiss"]
[EventRounds "9"]
[SourceDate "2015.01.01"]

1. e4 e6 2. Qe2 e5 3. Nf3 d6 4. d3 Nf6 5. g3 g6 6. Bg2 Bg7 7. c3 Nbd7 8. h3 c6
9. O-O O-O 10. Qc2 Qc7 11. Be3 b5 12. Nbd2 Ba6 13. a4 Bb7 14. axb5 cxb5 15.
Rxa7 Rxa7 16. Bxa7 Ra8 17. Be3 Rc8 18. Qb3 Qa5 19. Ng5 Rf8 20. f4 h6 21. Ngf3
Rc8 22. Nh4 exf4 23. gxf4 Qa4 24. Qxa4 bxa4 25. Nc4 d5 26. Nd6 Rc7 27. Ra1 dxe4
28. dxe4 Bc6 29. e5 Bxg2 30. Nxg2 Bf8 31. Nb5 Rb7 32. c4 Ne8 33. Rxa4 Bc5 34.
Ra8 Bxe3+ 35. Nxe3 Kf8 36. Nd6 Rb8 37. Rxb8 Nxb8 38. Nd5 Nxd6 39. exd6 Ke8 40.
c5 Kd7 41. b4 Na6 42. Kf2 Kc6 43. b5+ Kxb5 44. d7 1-0

[Event "New Zealand Open Ch'p 2015"]
[Site "Devonport, Auckland"]
[Date "2015.01.09"]
[Round "9.44"]
[White "Jackson, L Ross"]
[Black "Lamerton, Troy"]
[Result "1-0"]
[WhiteElo "1927"]
[BlackElo "1731"]
[PlyCount "91"]
[EventDate "2015.01.01"]
[EventType "swiss"]
[EventRounds "9"]
[SourceDate "2015.01.01"]

1. d4 d5 2. c4 c6 3. Nf3 Nf6 4. e3 Bf5 5. Nc3 e6 6. Qb3 Qc7 7. Bd2 Be7 8. Rc1
Nbd7 9. cxd5 exd5 10. Nxd5 Nxd5 11. Qxd5 Be6 12. Qe4 Bxa2 13. Qc2 Qb6 14. Bd3
Bb3 15. Qb1 h6 16. O-O O-O 17. Bc3 Rfd8 18. Nd2 Rac8 19. Qa1 Bb4 20. Nxb3 Bd6
21. Nd2 Qc7 22. g3 b6 23. Ne4 Be7 24. Qa2 Nf6 25. Nxf6+ Bxf6 26. Bf5 Ra8 27.
Qa6 h5 28. Rfd1 Be7 29. Be4 h4 30. Be1 c5 31. Bxa8 Rxa8 32. dxc5 bxc5 33. Ba5
Qe5 34. Qc6 Rb8 35. Bc7 Rc8 36. Bxe5 Rxc6 37. Rc4 a5 38. Ra1 Re6 39. Bc7 hxg3
40. hxg3 Bf6 41. Ra2 a4 42. Rcxa4 Rc6 43. Ba5 g6 44. Bc3 Bxc3 45. bxc3 Kg7 46.
Rc4 1-0